| 000 | 00569nam a2200205 a 4500 | ||
|---|---|---|---|
| 001 | 17763 | ||
| 003 | CO-ViMGA | ||
| 008 | 141112s2004 ck r 000 u spa d | ||
| 020 | _a0746036493 | ||
| 040 |
_aCO-ViMGA _bspa _cCO-ViMGA |
||
| 082 | 0 | 4 | _aAMEt |
| 100 | 1 |
_aAmery, Heather _925190 |
|
| 245 | 1 | 0 | _aLa túnica de Jose |
| 260 |
_aLondres (Inglaterra), _cUsborne, _c1999 |
||
| 300 | _a16.p. | ||
| 490 | _aCuentos de la biblia | ||
| 590 | _aForma de adquisición : Premio - Mincultura | ||
| 650 | 1 | 4 |
_aRELATOS BIBLICOS - LITERATURA INFANTIL _925191 |
| 942 |
_2ddc _cBK |
||
| 999 |
_c27236 _d27236 |
||